Skip to main content
Your cart is empty.
Your lists
Log in to create your own lists
Your cookies
العربية
English
العربية
Home
Search
Advanced search
Authority search
About
The noble scholar, jurist, historian
His Excellency Dr. Abdul Wahhab bin Ibrahim Abu Sulaiman, may Allah have mercy on him.
He was born in Umm Al-Qura in the year 1356 AH.
Library catalog
Title
Author
Subject
ISBN
ISSN
Series
Call number
Log in to your account
×
Login:
Password:
Home
MARC view: رحلة الحج ولقاء الشيوخ :
Normal view
MARC view
ISBD view
رحلة الحج ولقاء الشيوخ : (Record no. 9216)
[
view plain
]
MARC details
000 -LEADER
fixed length control field
01363cam a22002651i 4500
008 - FIXED-LENGTH DATA ELEMENTS--GENERAL INFORMATION
fixed length control field
250627s2006 mr g 000 0dara c
014 ## -
--
16204915371
040 ## - CATALOGING SOURCE
Original cataloging agency
SA-RiAUC
Language of cataloging
ara
Transcribing agency
SA-RiAUC
Description conventions
rda
043 ## - GEOGRAPHIC AREA CODE
Geographic area code
a-su---
082 04 - DEWEY DECIMAL CLASSIFICATION NUMBER
Classification number
915.312104
Assigning agency
SA-RiAUC
005 - DATE AND TIME OF LATEST TRANSACTION
control field
20250627115200.0
100 1# - MAIN ENTRY--PERSONAL NAME
Personal name
التجيبي، القاسم بن يوسف بن محمد،
Dates associated with a name
670-730 هجري.
Relator term
مؤلف.
245 10 - TITLE STATEMENT
Title
رحلة الحج ولقاء الشيوخ :
Remainder of title
التجيبي نموذجا /
Statement of responsibility, etc.
القاسم بن يوسف التجيبي ؛ تحقيق عبد القادر العافية.
264 #1 - PRODUCTION, PUBLICATION, DISTRIBUTION, MANUFACTURE, AND COPYRIGHT NOTICE
Place of production, publication, distribution, manufacture
الرباط، المغرب :
Name of producer, publisher, distributor, manufacturer
مكتبة دار الأمان للنشر والتوزيع،
Date of production, publication, distribution, manufacture, or copyright notice
2006
--
[1426]
300 ## - PHYSICAL DESCRIPTION
Extent
صفحة
336 ## - CONTENT TYPE
Content type term
نص
Content type code
txt
Source
rdacontent
Materials specified
كتاب
337 ## - MEDIA TYPE
Media type term
بدون وسيط
Media type code
n
Source
rdamedia
338 ## - CARRIER TYPE
Carrier type term
مجلد
Carrier type code
nc
Source
rdacarrier
600 17 - SUBJECT ADDED ENTRY--PERSONAL NAME
Personal name
التجيبي، القاسم بن يوسف بن محمد،
Dates associated with a name
670-730 هجري.
Source of heading or term
aucnm
650 #7 - SUBJECT ADDED ENTRY--TOPICAL TERM
Topical term or geographic name entry element
الحج
Source of heading or term
aucsh
651 #7 - SUBJECT ADDED ENTRY--GEOGRAPHIC NAME
Geographic name
مكة المكرمة
General subdivision
وصف ورحلات
Source of heading or term
aucsh
700 1# - ADDED ENTRY--PERSONAL NAME
Personal name
العافية، عبد القادر،
Dates associated with a name
1932-
Relator term
محقق.
700 12 - ADDED ENTRY--PERSONAL NAME
Relationship information
تحقيق لـ (عمل) :
Personal name
التجيبي، القاسم بن يوسف بن محمد،
Dates associated with a name
670-730 هجري.
Title of a work
رحلة الحج ولقاء الشيوخ : التجيبي نموذجا.
949 ## - LOCAL PROCESSING INFORMATION (OCLC)
a
SA-JeALM
d
250627
u
khaled123
n
1
No items available.
Print
Add to your cart
(remove)
Save record
BIBTEX
Dublin Core
MARCXML
MARC (non-Unicode/MARC-8)
MARC (Unicode/UTF-8)
MARC (Unicode/UTF-8, Standard)
MODS (XML)
RIS
ISBD
More searches
Search for this title in:
Other Libraries (WorldCat)
Other Databases (Google Scholar)
Online Stores (Bookfinder.com)
Open Library (openlibrary.org)
Exporting to Dublin Core...
×
Simple DC-RDF
OAI-DC
SRW-DC